| 000 | 00732nam a22002417a 4500 | ||
|---|---|---|---|
| 005 | 20100806154830.0 | ||
| 010 | _aENG-98659 | ||
| 020 |
_a9788189781873 _c350.00 |
||
| 035 | _aEN-82191 | ||
| 037 | _bDBAD/PUB | ||
| 082 | _a612 | ||
| 100 |
_aPramanik, Debasis _99129 |
||
| 245 |
_aPrinciples of physiology / _cby Pramanik Bdebasis |
||
| 260 |
_c2010 _aKolkata _bAcadmic Publishers |
||
| 270 |
_a5A,Bhawanin Dutta Lane _bKolkata _e700073 |
||
| 300 |
_a768p. _c23cm (pbk) |
||
| 500 | _aIncludes index. | ||
| 650 |
_aPhysiology _99130 |
||
| 700 | _97972 | ||
| 700 | _97973 | ||
| 942 |
_2ddc _cEN _h612 _mPRA |
||
| 999 |
_c39886 _d39886 |
||